000 00813nam a2200241 a 4500
001 000023920
005 20200930022554.0
008 110117s1996 mx 000 f spa d
020 _a8420428787
040 _aDO-SdBNP
_bspa
_cBNPHU
082 _a813.5
_bK64c
100 1 _aKlein, Joe,
_d1946-
_949217
240 1 0 _aPrimary colors.
_lEspañol.
245 1 0 _aColores primarios :
_buna novela política /
_cAnónimo ; traducción de Antonio Resines y Herminia Bevia.
260 _aMadrid, (España) :
_bSantillana, Alfaguara,
_c1996.
300 _a575 p. ;
_c24 cm.
490 1 _aExtra alfaguara
650 4 _aNovela estadounidense
_9262
650 4 _aNovela política
_949218
700 1 _aResines, Antonio,
_etraductor
_949219
700 1 _aBevia, Herminia
_etraductor
_949220
830 0 _aExtra alfaguara
_916634
999 _c23416
_d23416